ბათუმის შოთა რუსთაველის სახელმწიფო უნივერსიტეტის ბიბლიოთეკა

ჩაპაევი. (ბიბ.ჩანაწერი № 49830)

000 -LEADER
fixed length control field 00767nam a2200229Ia 4500
001 - CONTROL NUMBER
control field 16765
003 - CONTROL NUMBER IDENTIFIER
control field GE_BSU
008 - FIXED-LENGTH DATA ELEMENTS--GENERAL INFORMATION
fixed length control field 181216s||||||||xx |||||||||||||| ||und||
040 ## - CATALOGING SOURCE
Transcribing agency GE_BSU
080 ## - UNIVERSAL DECIMAL CLASSIFICATION NUMBER
Universal Decimal Classification number 82-93:821.161.1-3
100 ## - MAIN ENTRY--PERSONAL NAME
Personal name ფურმანოვი, დ.
245 ## - TITLE STATEMENT
Title ჩაპაევი.
245 ## - TITLE STATEMENT
Remainder of title დოკუმენტ.-მხატვრ. მოთხრობა. ამბავი
245 ## - TITLE STATEMENT
Statement of responsibility, etc. რედ.ნ.ლორთქიფანიძე
260 ## - PUBLICATION, DISTRIBUTION, ETC.
Place of publication, distribution, etc. თბილისი
260 ## - PUBLICATION, DISTRIBUTION, ETC.
Name of publisher, distributor, etc. ნაკადული
260 ## - PUBLICATION, DISTRIBUTION, ETC.
Date of publication, distribution, etc. 1963
300 ## - PHYSICAL DESCRIPTION
Extent 295გვ. ; 22სმ
653 ## - INDEX TERM--UNCONTROLLED
Uncontrolled term დოკუმენტ.-მხატვრ. მოთხრობა. ამბავი
653 ## - INDEX TERM--UNCONTROLLED
Uncontrolled term ჩაპაევი
942 ## - ADDED ENTRY ELEMENTS (KOHA)
Koha item type წიგნი
ეგზემპლარები
Withdrawn status Lost status Damaged status Not for loan Date acquired Barcode Date last seen Price effective from Koha item type
        2018-12-17 22046 2018-12-17 2018-12-17 წიგნი
        2018-12-17 22047 2018-12-17 2018-12-17 წიგნი
        2018-12-17 22048 2018-12-17 2018-12-17 წიგნი
        2018-12-17 22049 2018-12-17 2018-12-17 წიგნი